La psicología evolutiva de Jean Piaget
Saved in:
| Main Author: | |
|---|---|
| Format: | Book |
| Language: | Spanish |
| Published: |
Ciudad de México
Paidós
1995
|
| Series: | Biblioteca Psicologías del Siglo XX
|
| Subjects: | |
| Tags: |
Add Tag
No Tags, Be the first to tag this record!
|
MARC
| LEADER | 00000nam a2200000 a 4500 | ||
|---|---|---|---|
| 001 | UCL3188 | ||
| 003 | CL-VaPUC | ||
| 008 | 031114e19950000MX |||||||||||||||||spa|d | ||
| 020 | |a 9688530883 | ||
| 082 | 0 | 4 | |a 155.413 |b FLA |2 21 |
| 100 | 0 | |a Flavell, John H |e author |9 480446 | |
| 245 | 1 | 3 | |a La psicología evolutiva de Jean Piaget |
| 300 | |a 484 p | ||
| 942 | |c BK | ||
| 945 | |d 20031114 00:00:00 |a cmena | ||
| 260 | |a Ciudad de México |b Paidós |c 1995 | ||
| 600 | 0 | 7 | |a PIAGET, JEAN |2 CL-VaPUC |9 308149 |
| 650 | 0 | |a Cognición |9 270347 | |
| 650 | 0 | |a Inteligencia |9 267038 | |
| 650 | 0 | |a Percepción |9 266750 | |
| 650 | 0 | |a Psicología del desarrollo |9 307541 | |
| 650 | 7 | |a PSICOLOGIA EXPERIMENTAL |2 CL-VaPUC |9 309015 | |
| 583 | |a last modification |c 20031114 00:00:00 |k Rodrigo Vera | ||
| 490 | 0 | |a Biblioteca Psicologías del Siglo XX | |
| 999 | |c 306309 |d 306307 | ||
| 952 | |0 0 |1 0 |4 0 |6 155_413000000000000_FLA_1995 |7 0 |8 R |9 371234 |a BIBEDU |b BIBEDU |d 2019-11-21 |i 3962156 |o 155.413 FLA 1995 |p 3962156 |r 2019-11-21 |w 2019-11-21 |y BK_R |k LIT | ||
| 952 | |0 0 |1 0 |4 0 |6 155_413000000000000_FLA_1995 |7 0 |8 R |9 371235 |a BIBEDU |b BIBEDU |d 2019-11-21 |i 3966550 |o 155.413 FLA 1995 |p 3966550 |r 2019-11-21 |w 2019-11-21 |y BK_R |k PSI | ||